Mzdové rozdiely priemerných zárobkov u žien a mužov

Zisťovanie príčin mzdového rozdielu medzi mužmi a ženami. Segregácia podľa pohlavia. Diskriminácia v ekonomickom živote. Súbory informácií a údaje, ktoré boli použité v štúdii. Diferenciácia príjmov žien a mužov. Výsledky celoslovenskej analýzy.

Salvato in:
Dettagli Bibliografici
Autore principale: Schvarcová, Monika
Altri autori: Plánovský, Ján, Jonáš, Vladimír
Natura: Capitolo di libro
Lingua:slovacco
Soggetti:
Tags: Aggiungi Tag
Nessun Tag, puoi essere il primo ad aggiungerne!!

MARC

LEADER 00000naa a2200000 4500
001 r049112
005 20231002091043.3
041 0 |a slo 
044 |a SK 
245 1 0 |a Mzdové rozdiely priemerných zárobkov u žien a mužov  |c Monika Schvarcová, Ján Plánovský, Vladimír Jonáš 
520 |a Zisťovanie príčin mzdového rozdielu medzi mužmi a ženami. Segregácia podľa pohlavia. Diskriminácia v ekonomickom živote. Súbory informácií a údaje, ktoré boli použité v štúdii. Diferenciácia príjmov žien a mužov. Výsledky celoslovenskej analýzy. 
610 2 0 |a diferenciácia mzdová 
610 2 0 |a diskriminácia pracovná 
610 2 0 |a ženy 
610 2 0 |a muži 
610 2 0 |a platy 
610 2 0 |a zárobky priemerné 
610 2 0 |a štúdie 
610 2 0 |a výskum ekonomický 
610 2 0 |a údaje štatistické 
610 2 0 |a Slovensko 
100 1 |a Schvarcová, Monika 
700 1 |a Plánovský, Ján 
700 1 |a Jonáš, Vladimír